| 000 | 00848nam a2200193 a 4500 | ||
|---|---|---|---|
| 003 | 0 | ||
| 005 | 20250603142138.0 | ||
| 008 | 021203s19uu xx 00 eng d | ||
| 050 |
_aPHS LC 4708 _b.Ag33 2001 |
||
| 100 | _aAgarrado, Rachel Elaine Marie Gaerlan. | ||
| 245 |
_aEffects of dyslexia on the cognitive skills, behavioral skills, sensory and motor skills of a dyslexic from the perspective of occupational therapists and special education teachers / _cRachel Elaine Marie Gaerlan Agarrado. |
||
| 260 |
_aLas PiƱas City, Philippines : _bSouthville International School and Colleges, _c2001. |
||
| 300 |
_a38 pages : _billustrations ; _c28 cm. |
||
| 504 | _aIncludes bibliographical references. | ||
| 650 | _aDyslexia. | ||
| 650 |
_aLearning disabilities _xTreatment. |
||
| 650 |
_aSpecial education teachers _xAttitudes. |
||
| 942 |
_2lcc _cPASS |
||
| 999 |
_c96542 _d96542 |
||